01181nab a22002297a 4500999001500000003000400015005001700019008004100036040000700077100003200084245010000116300001500216500003700231505024500268505011200513650002800625650005800653650003300711650003500744773015900779942001300938 c6233d6233OSt20260126040356.0190514b xxu||||| |||| 00| 0 spa d cPJ 95248aLezcano, Juan Manuel 13aEl Estado frente a la incertidumbre identitaria de una niña migrante /cJuan Manuel Lezcano.  ap. 143-149 aCita: TR LALEY AR/DOC/2674/2024. aSumario: I. Introducción.— II. Trámite judicial y principios a considerar.— III. Pruebas presentadas e inscripción y filiación.— IV. Articulación interinstitucional.— V. Conclusiones del fallo.— VI. Comentarios finales.  tFallo comentado: JFamilia 1a Nom., Córdoba ~ 22/12/2023 ~ A., G. s/ medida autosatisfactiva - ley 10.305. 09967aDERECHO DE FAMILIA 092741aDERECHOS DE LAS NIÑAS, NIÑOS Y ADOLESCENTES 092345aDERECHO A LA IDENTIDAD 091057aJURISPRUDENCIA APLICABLE0 0284493222dBuenos Aires : AbeledoPerrot, 1989-tDerecho de familia. Revista Interdisciplinaria de doctrina y jurisprudencia. Diciembre 2024-VI.z18511201 2udccANA